| 000 | 00557nam a22001697a 4500 | ||
|---|---|---|---|
| 003 | SGT | ||
| 020 | _a9789332550070 | ||
| 082 | _a512.55,HOF | ||
| 100 | _aHOFFMAN KENNETH | ||
| 245 | _aLINEAR ALGEBRA | ||
| 250 | _a2ND | ||
| 260 |
_aNEW DELHI _bPEARSON _c2015 |
||
| 300 | _a407 | ||
| 650 | _aALGEBRA | ||
| 653 | _aLINEAR EQUATIONS, VECTOR SPACES, LINEAR TRANSFORMATIONS, POLYNOMIALS, DETERMINANTS, ELEMENTARY CANONICAL FORMS, RATIONAL AND JORDAN FORMS, INNER PRODUCT SPACES, OPERATORS ON INNER PRODUCT SPACES, BILINEAR FORMS. | ||
| 942 |
_2ddc _cFPS |
||
| 999 |
_c9431 _d9431 |
||